00441nam a2200157Ia 4500003000400000008004100004040001600045082001300061100003000074245006800104260003000172300001000202490003400212650001500246650002200261GCL140319s9999 xx 000 0 eng d aGCL / cGCL04a843bS V1 aSAINT-EXAPERY, ANTOINE DE10aVOL DE NUIT: PREFACE D'ANDRE GIDE / cSAINT-EXAPERY, ANTOINE DE a[S.N] : bFOLIO ، c1995 a187 P aCOLLECTION FOLIO CLASSIQUEv004aLITERATURE04aFRENCH LITERATURE